logo

Bir Sreshtho Munshi Abdur Rouf Library
Jhenaidah Cadet College

ছাড় পত্র / (Record no. 1201)

MARC details
000 -LEADER
fixed length control field 00650nam a2200217 a 4500
001 - CONTROL NUMBER
JCCL Control Number 1201
003 - CONTROL NUMBER IDENTIFIER
JCCL marc code BD-JhCC
005 - DATE AND TIME OF LATEST TRANSACTION
control field 20171016183350.0
008 - FIXED-LENGTH DATA ELEMENTS--GENERAL INFORMATION
fixed length control field 171016s1992 bg ||||| |||| 00| 0 ben d
035 ## - SYSTEM CONTROL NUMBER
system control number (BD-JhCC)1201
040 ## - CATALOGING SOURCE
Original cataloging agency BD-JhCC
Modifying agency BD-JhCC
041 ## - LANGUAGE CODE
Language code of Book ben
082 ## - DEWEY DECIMAL CLASSIFICATION NUMBER
Classification number 891.443
Author mark and Year VAT 1992
100 ## - MAIN ENTRY--PERSONAL NAME
Personal name ভট্রাচার্য, সুকান্ত
245 ## - TITLE STATEMENT
Title ছাড় পত্র /
Statement of responsibility, etc সুকান্ত ভট্রাচার্য
260 ## - PUBLICATION, DISTRIBUTION, ETC. (IMPRINT)
Place of publication, distribution, etc ঢাকাঃ
Name of publisher, distributor, etc আফসার ব্রাদার্স,
Date of publication, distribution, etc 1992
300 ## - PHYSICAL DESCRIPTION
Pagination 40 p. :
Dimensions 21 cm.
650 ## - SUBJECT ADDED ENTRY--TOPICAL TERM
Topical term or geographic name as entry element Bengali novel
942 ## - ADDED ENTRY ELEMENTS (KOHA)
Source of classification or shelving scheme Dewey Decimal Classification
Koha item type Books
Holdings
Source of classification or shelving scheme Damaged status Not for loan Home library Current library Shelving location Date of accession Cost, normal purchase price Total Checkouts Full call number Barcode Date last seen Date checked out Copy number Koha item type
Dewey Decimal Classification     JCC Rouf Library JCC Rouf Library General Stacks 10/15/2017 20.00 1 891.443 VAT 1992 2181 07/27/2024 07/08/2024 C-1 Books

JCC Library | Contacts | JCC Home

Last Update on 23 September 2017
Copyright @ 2017-2020 JCC Rouf Library
Rouf Library, Jhenidah Cadet College (JCC), Bangladesh